| 000 | 00572nam a2200181Ia 4500 | ||
|---|---|---|---|
| 003 | GCL | ||
| 008 | 140319s9999 xx 000 0 ara d | ||
| 040 |
_aGCL / _cGCL |
||
| 082 | 0 | 4 |
_a818 _bه ح |
| 100 | 1 | _aالهيئة المصرية العامة للكتاب | |
| 245 | 1 | 0 |
_aحتى لاننسى / _cالهيئة المصرية العامة للكتاب |
| 300 | _a218 | ||
| 490 |
_aكتاب _v0 |
||
| 650 | 0 | 4 | _aالثورات |
| 650 | 0 | 4 | _aالانقلابات العسكرية |
| 650 | 0 | 4 | _aالادب العربى - مقالات ومحاضرات |
| 942 |
_2ddc _cBK |
||
| 999 |
_c41849 _d41849 |
||